| 000 | 00802nam a2200253 4500 | ||
|---|---|---|---|
| 003 | OSt | ||
| 005 | 20240607080658.0 | ||
| 006 | a | ||
| 008 | 240607b |||||||| |||| 00| 0 eng d | ||
| 020 | _a9780452298170 | ||
| 040 |
_aDWCL-Main lib. _cOC |
||
| 082 | _aCirc. 650.1 S974a 2013 | ||
| 100 | _aSweeney, Camille | ||
| 245 | _aThe art of doing : how super achievers do what they do and how they do it so well / | ||
| 260 |
_aLondon : _bPenguin, _cc2013. |
||
| 300 |
_axlv, _b272 pages ; _c20 cm. |
||
| 504 | _a”A plume book.” | ||
| 650 | _a1. Success–Case studies. | ||
| 650 | _a2. Success in business–Case studies. | ||
| 650 | _a3. Achievement motion–Case studies. | ||
| 650 | _a4. Successful people–Case studies. | ||
| 700 | _aCamille Sweeney | ||
| 942 |
_2ddc _n0 _cBK-CIRC _kCirc. |
||
| 999 |
_c376 _d376 |
||